000 01733nam a2200457 i 4500
001 6410
003 KOSZ 005
005 20200511123842.0
008 970629s1991 pl a f f |000 0 pol
015 _aPB 1993/2901
035 _a991000762569705066
035 _a(PL-WaBN)b10242740-48omnis_nlop
035 _ab10242740
035 _a(OCoLC)830054980
035 _a(PL)b0000001024274
035 _a(EXLNZ-48OMNIS_NETWORK)9910204077305606
040 _aWA N
_cWA N
_dKOSZ 005/HR
080 _a514.18
080 _a(075.8)
245 1 0 _aGeometria wykreślna :
_bpodstawy odwzorowań wykreślnych konstrukcji mechanicznych : praca zbiorowa.
_nCz. 2 /
_cBogusław Januszewski ; pod red. Bogusława Januszewskiego.
260 _aRzeszów :
_bPolitechnika Rzeszowska im. Ignacego Łukasiewicza,
_c1991.
300 _a214 s. :
_brys., wykr. ;
_c24 cm.
336 _2rdacontent
_aTekst
_btxt
337 _2rdamedia
_aBez urządzenia pośredniczącego
_bn
338 _2rdacarrier
_aWolumin
_bnc
380 _aKsiążki
380 _aPublikacje dydaktyczne
385 _mPoziom nauczania
_aSzkoły wyższe
388 _a1901-2000
388 _a1989-2000
521 _aDla studentów Wydz. Mechanicznego do ćwiczeń projektowych z przedmiotu Geometria wykreślna.
650 7 _aGeometria wykreślna
_2DBN
655 7 _aPodręczniki akademickie
_2DBN
658 _aMatematyka
658 _aInżynieria i technika
700 1 _aJanuszewski, Bogusław
_eRedakcja
710 2 _aPolitechnika Rzeszowska im. Ignacego Łukasiewicza
_4pbl
856 _uhttp://koha.tu.koszalin.pl/cgi-bin/koha/opac-detail.pl?biblionumber=6410
_yKatalog online BPK
942 _2UKD
_cKS
999 _c6410
_d6410